Společenská konverzace v němčině = Small talk Deutsch /

Hlavní autor: Michňová, Iva, 1972-
Jazyk: Němčina
Čeština
Vydáno: Praha : Grada, 2007
Vydání: 1. vyd.
Edice: Poradce pro praxi
Témata:
Fyzický popis: 106 s. ; 21 cm
Knihy
Uloženo v:
LEADER 01506nam a2200481 a 4500
001 nkc20051636488
003 CZ PrNK
005 20070404104036.0
007 ta
008 051228s2007 xr g f 000 0 cze
015 |a cnb001636488 
020 |a 978-80-247-1644-2  |q (brož.) 
035 |a (OCoLC)124086551 
040 |a OLA001  |b cze 
041 0 |a cze  |a ger 
072 7 |a 81  |x Lingvistika. Jazyky  |2 Konspekt  |9 11 
080 |a 811.112.2  |2 MRF 
080 |a 811.162.3  |2 MRF 
080 |a 81'24  |2 MRF 
080 |a (035)  |2 MRF 
100 1 |a Michňová, Iva,  |d 1972-  |7 jn20001005745  |4 aut 
245 1 0 |a Společenská konverzace v němčině =  |b Small talk Deutsch /  |c Iva Michňová 
246 3 1 |a Small talk Deutsch 
250 |a 1. vyd. 
260 |a Praha :  |b Grada,  |c 2007 
300 |a 106 s. ;  |c 21 cm 
490 1 |a Poradce pro praxi 
650 0 7 |a němčina  |7 ph115512  |2 czenas 
650 0 7 |a čeština  |7 ph135292  |2 czenas 
650 0 7 |a fráze  |7 ph135256  |2 czenas 
650 0 7 |a konverzace  |7 ph166079  |2 czenas 
650 0 9 |a German language  |2 eczenas 
650 0 9 |a Czech language  |2 eczenas 
650 0 9 |a phrases  |2 eczenas 
650 0 9 |a conversation, terms and phrases  |2 eczenas 
655 7 |a příručky  |7 fd133209  |2 czenas 
655 9 |a handbooks and manuals  |2 eczenas 
830 0 |a Poradce pro praxi  |0 s 
910 2 |a BOA001  |b 2-1180.344 
990 |a BK 
995 |a 01 
991 |b 200702  |c NOV 
996 6 |b 2610299366  |c 2-1180.344  |l MZK  |r Sklad / do 1 hodiny  |n 6  |p p.v.  |w 000838975  |u 000010  |a 1  |e BOA001  |j MZK50  |s P